<?xml version="1.0" encoding="UTF-8"?><?xml-stylesheet type="text/xsl" href="static/style.xsl"?><OAI-PMH xmlns="http://www.openarchives.org/OAI/2.0/" xmlns:xsi="http://www.w3.org/2001/XMLSchema-instance" xsi:schemaLocation="http://www.openarchives.org/OAI/2.0/ http://www.openarchives.org/OAI/2.0/OAI-PMH.xsd"><responseDate>2026-04-27T08:02:37Z</responseDate><request verb="GetRecord" identifier="oai:repisalud.isciii.es:20.500.12105/10461" metadataPrefix="marc">https://repisalud.isciii.es/rest/oai/request</request><GetRecord><record><header><identifier>oai:repisalud.isciii.es:20.500.12105/10461</identifier><datestamp>2025-03-14T11:39:22Z</datestamp><setSpec>com_20.500.12105_2203</setSpec><setSpec>com_20.500.12105_2202</setSpec><setSpec>col_20.500.12105_19585</setSpec></header><metadata><record xmlns="http://www.loc.gov/MARC21/slim" xmlns:dcterms="http://purl.org/dc/terms/" xmlns:doc="http://www.lyncode.com/xoai" xmlns:xsi="http://www.w3.org/2001/XMLSchema-instance" xsi:schemaLocation="http://www.loc.gov/MARC21/slim http://www.loc.gov/standards/marcxml/schema/MARC21slim.xsd">
   <leader>00925njm 22002777a 4500</leader>
   <datafield ind2=" " ind1=" " tag="042">
      <subfield code="a">dc</subfield>
   </datafield>
   <datafield ind2=" " ind1=" " tag="720">
      <subfield code="a">Instituto de Salud Carlos III. Gabinete de prensa</subfield>
      <subfield code="e">author</subfield>
   </datafield>
   <datafield ind2=" " ind1=" " tag="260">
      <subfield code="c">2020</subfield>
   </datafield>
   <datafield ind2=" " ind1=" " tag="520">
      <subfield code="a">El Grupo de Análisis Científico sobre Coronavirus del ISCIII ha publicado dos nuevos informes, sobre los tipos existentes de estudios clínicos y sobre coagulopatías (riesgo de trombosis) en COVID-19. Estos dos últimos informes se unen a los anteriormente publicados sobre origen del virus, mecanismos de transmisión, glosario de términos epidemiológicos, secuenciación genética, temperatura y clima, fármacos, manifestaciones clínicas, respuesta inmunitaria, comunicación de la ciencia, vacunas, contaminación, análisis de aguas residuales y factores de riesgo.</subfield>
   </datafield>
   <datafield ind1="8" ind2=" " tag="024">
      <subfield code="a">http://hdl.handle.net/20.500.12105/10461</subfield>
   </datafield>
   <datafield tag="653" ind2=" " ind1=" ">
      <subfield code="a">Coronavirus</subfield>
   </datafield>
   <datafield tag="653" ind2=" " ind1=" ">
      <subfield code="a">COVID-19</subfield>
   </datafield>
   <datafield tag="653" ind2=" " ind1=" ">
      <subfield code="a">SARS-CoV-2</subfield>
   </datafield>
   <datafield ind2="0" ind1="0" tag="245">
      <subfield code="a">El Grupo ISCIII de Análisis sobre Coronavirus publica dos nuevos informes: tipos de estudios clínicos y coagulopatías en COVID-19</subfield>
   </datafield>
</record></metadata></record></GetRecord></OAI-PMH>